| 000 | 00766nam a2200241Ia 4500 | ||
|---|---|---|---|
| 003 | OSt | ||
| 005 | 20220923224157.0 | ||
| 006 | a|||||r|||| 00| 0 | ||
| 007 | ta | ||
| 008 | Pun | ||
| 024 | _a227,532 | ||
| 037 | _cTextual | ||
| 040 |
_aARTS _cARTS _bPun |
||
| 041 |
_2Pun _aPun |
||
| 082 | _aO153,3N44x, P4 | ||
| 100 |
_aਹਮਦਰਦ, ਬਰਜਿੰਦਰ ਸਿੰਘ _9156370 |
||
| 245 | 0 | _aਤਰਕFੀਲਤਾ ਦਾ ਚਾਨਣ | |
| 260 |
_aਅੰਮਿਤਸਰ੍ਰ _b ਨਾਨਕ ਸਿੰਘ ਪੁਸਤਕਮਾਲਾ _c2004 |
||
| 300 |
_a240ਪੰ _ccm. |
||
| 650 | _aਪੰਜਾਬੀ ਸਾਹਿਤ | ||
| 942 |
_hO153,3N44x, P4 _cTEXL _2CC |
||
| 999 |
_c369751 _d369751 |
||